000 00323nam a2200133Ia 4500
008 210210b1983 xxu||||| |||| 00| 0 eng d
082 _a823.914 MORC
100 _aMORAVIA (Alberto).
245 _aConformist.
260 _aN Y
_bGranada Publishing
_c1983
300 _a349
690 _aEnglish Fiction
906 _aSG01870
999 _c113162
_d113162